| 000 | 02401cam a2200373 a 4500 | ||
|---|---|---|---|
| 001 | 721907688 | ||
| 003 | OCoLC | ||
| 005 | 20240812074858.0 | ||
| 008 | 110810s2012 paua bf 001 0 eng | ||
| 010 | _a2011033838 | ||
| 015 |
_aGBB1C4266 _2bnb |
||
| 020 | _a9781437726978 (hardcover : alk. paper) | ||
| 020 | _a1437726976 (hardcover : alk. paper) | ||
| 035 |
_a(OCoLC)721907688 _z(OCoLC)758984088 |
||
| 040 |
_aDNLM/DLC _cDLC _dYDX _dBTCTA _dNLM _dYDXCP _dUKMGB |
||
| 042 | _apcc | ||
| 050 | 4 |
_aRC683.5.U5 _bA38 2012 |
|
| 060 | 1 | 0 | _aWG 39 |
| 082 | 0 | 0 |
_a616.1/207543 _223 _bGIL |
| 096 |
_aWG 39 _bA244 2012 |
||
| 245 | 0 | 0 |
_aAdvanced approaches in echocardiography / _c[edited by] Linda D. Gillam, Catherine M. Otto. |
| 260 |
_aPhiladelphia, PA : _bElsevier/Saunders, _cc2012. |
||
| 300 |
_axv, 253 p. : _bill. (chiefly col.) ; _c27 cm. |
||
| 490 | 1 | _aPractical echocardiography series | |
| 504 | _aIncludes bibliographical references and index. | ||
| 505 | 0 | _aTransthoracic three dimensional echocardiography / Victor Mor-Avi, Roberto Lang -- Advanced echocardiography approaches: 3D transesophageal assessment of the mitral valve / Jonathan Passeri, Judy Hung -- Two -dimensional and three dimensional echocardiographic evaluation of the right ventricle / Takahiro Shiota -- Transthoracic and transesophageal echocardiography in the catheterization laboratory / Rebecca Hahn and Linda Gillam -- Intracardiac echocardiography for common interventions on structural heart disease / Anna Bortnick and Frank Silvestry -- Strain and strain-rate imaging / Thomas Marwick -- Assessing twist and torsion / Sherif Nagueh -- Echocardiographic tools for cardiac resynchronization therapy / Veronica Lea Dimaano, Kristian Eskesen, and Theadore Abraham -- Contrast perfusion echocardiography / Joan Olson, Feng Xie, and Thomas Porter -- Evaluation of coronary blood flow by echo doppler / Nozomi Watanabe -- Stress testing for structural heart disease / Catherine Otto and David Owens -- Multimodality cardiac imaging -- when is echo not enough? / Nuno Cortez Dias, Ana Almeida, and Fausto Pinto. | |
| 650 | 0 |
_aEchocardiography _vHandbooks, manuals, etc. _923600 |
|
| 650 | 1 | 2 |
_aEchocardiography _xmethods. _923601 |
| 655 | 2 |
_aHandbook. _923067 |
|
| 700 | 1 |
_aGillam, Linda D. _923602 |
|
| 700 | 1 |
_aOtto, Catherine M. _923603 |
|
| 830 | 0 |
_aPractical echocardiography series. _923604 |
|
| 942 |
_2ddc _cBK |
||
| 999 |
_c12334 _d12334 |
||